1550 1364 1988 1356 1824 1763 1641 1653 1191 1363 1653 1417 1458 1804 1010 1682 1872 1551 1121 1558 1253 1769 1021 1200 1705 1377 1067 1558 1338 1353 1204 1909 1081 1935 1366 1147 1813 1515 1337 1048 1278 1399 1220 1871 1318 1907 1259 1598 1275 1542 1025 1261 1606 1674 1492 1986 1147 1115 1341 1926 1211 1182 1648 1811 1313 1564 1042 1178 1602 1591 1574 1864 1961 1089 1967 1962 1847 1647 1924 1416 1810 1577 1805 1500 1607 1500 1667 1903 1343 1930 1006 1486 1035 1346 1590 1196 1743 1252 1528 BCNSPRNW ULIB Ver.6.0+V

เปลี่ยนเป็นภาษาไทย

Change to English
 แสดงรายละเอียดบรรณานุกรม
  กลับหน้าหลัก

Brief Record : Get Marc (ISO 2709) : E-mail record : QR code < ปิดหน้าต่าง
LEADER : 00000nam 2200000uu 4500
001    13399123270
003     ULIB
008    140813s2553||||th 000 0 tha d
020    ^a9789741113958
060  4 ^aWT500^bร288 ล.3
245 00 ^aระบบสุขภาพภาคประชาชนกับความเจ็บป่วยเรื้อรัง :^bสถานะความรู้และทิศทางการวิจัย /^c[คณะผู้วิจัย มัลลิกามัติโก ... และคนอื่น ๆ]
246 14 ^aระบบสุขภาพภาคประชาชนกับความเจ็บป่วยเรื้อรัง :^bสถานะความรู้และทิศทางการวิจัย.^nเล่ม 3
250    ^aพิมพ์ครั้งที่ 1
260    ^aนครปฐม :^bสำนักงานวิจัยและพัฒนาระบบสุขภาพชุมชน,^c2553
300    ^a138 หน้า :^bภาพประกอบ
490 0  ^aชุดรวมผลงานวิจัยของสำนักงานวิจัยและพัฒนาระบบสุขภาพชุมชนพ.ศ. 2550-2552 ;^vเล่มที่ 3
505 0  ^a^tแนวคิดสังคมศาสตร์กับการศึกษาความเจ็บป่วยเรื้อรัง - -^tระบบสุขภาพภาคประชาชนกับความเจ็บป่วยเรื้อรัง : สถานะความรู้ และทิศทางการวิจัย - -^tแนวคิดความอ้วนและการจัดการของคนไทย - -^tประสบการ์ความเจ็บป่วยและกลวิธีการจัดการของคนไทย กรณีโรคเบาหวาน - -^tประสบการณ์ความเจ็บป่วยและกลวิธีการจัดการของคนไทย กรณีโรคความดันโลหิตสูง - -^tการดูแลระยะยาวสำหรับความเจ็บป่วยในชุมชน กรณีผู้สูงอายุ
650  7 ^aโรคเรื้อรัง^xวิจัย
650  7 ^aผู้ป่วยเรื้อรัง^xการดูแล^xวิจัย
650  7 ^aโรคอ้วน^xวิจัย
650  7 ^aเบาหวาน^xวิจัย
650  7 ^aความดันโลหิตสูง^xวิจัย
700 0  ^aมัลลิกา มัติโก
710 2  ^aสำนักงานวิจัยและพัฒนาระบบสุขภาพชุมชน
945    ^p0^l0^i034568
999    ^aเกษร โพธิ์สุวรรณ
รายการนี้ยังไม่มีแท็ก
คุณยังไม่ได้ล็อกอิน คุณสามารถมีกิจกรรมร่วมกับเว็บไซต์ได้ แต่ต้องล็อกอินก่อน ::
  ล็อกอิน

รายการสื่อสารสนเทศ

ลำดับที่ ประเภท เลขเรียก/บาร์โค้ด สถานที่ สถานะ
1. วิทยาศาสตร์การแพทย์ และสุขภาพ
วิทยาศาสตร์การแพทย์ และสุขภาพ
WT500 ร288 ล.3 ฉ.1 
  Barcode: 034568
ห้องสมุดวิทยาเขตสวรรค์ประชารักษ์
►หนังสือทั่วไป
บนชั้น

BibComment


ยังไม่เคยถูกคอมเมนท์

คอมเมนท์ทรัพยากรรายการนี้
  คอมเมนท์: ระบบสุขภาพภาคประ..


 Copyright 2026. Bcnsprnw @Library